LEADER 00695nam a2200181 i 4500 001 000000031791 003 CaOOAMICUS 005 20180830125449.0 008 180830s1969 pl u000 u und u 040 $aSeMil$bita 100 1 $aOlejnik, Stanislaw.$0(OLS)http://semarc/name/14644 245 10$aChrzescijanin wobec boga /$cks. Stanislaw Olejnik. 260 $aWarszawa :$bAkademia Teologii Katolickiej,$c1969. 300 $av. ;$c24 cm. 774 0 $tCnoty Boskie Czyli Teologalne.$g1$w()66671 774 0 $tReligijnosc.$gZeszyt2$w()66672 996 $6245$aChrzescijanin wobec boga$9(OLS)http://semarc/title/43126 996 $6260$aWarszawa :$bAkademia Teologii Katolickiej$9(OLS)http://semarc/publisher/30824 LEADER 01011nam a2200265 i 4500 001 000000053278 003 CaOOAMICUS 005 20080215000000.0 008 080215s1966 it u000 u ita u 013 $a24450 040 $aSeMil$bita 100 1 $aBedeschi, Giulio.$0(OLS)http://semarc/name/8701 245 13$aIl peso dello zaino /$cGiulio Bedeschi. 260 $aMilano :$bGarzanti,$ccopyr. 1966. 300 $a301 p. ;$c22 cm. 490 0 $aVita vissuta 500 $aIn occhietto : Dedica autografa dell'Autore. - Fondo Card. Giovanni Colombo. 650 4$aGuerra mondiale <1939-1945> - Italia.$0(OLS)http://semarc/subject/6799 830 0$aVita vissuta.$0(OLS)http://semarc/title/7192 850 $aSeMil 852 $aSeMil$W1$xVenegono$y1$m1O IV 198$j19432$B19432$CSeMilBibl$Z2$F19434 $81 941 1 $a3 961 $aLascito: Colombo Card. Giovanni 996 $6245$aIl peso dello zaino$9(OLS)http://semarc/title/82051 996 $6260$aMilano :$bGarzanti$9(OLS)http://semarc/publisher/29852